[Event "Championnat de France des Jeunes - Pupil"]
[Site "AIX LES BAINS"]
[Date "2009.04.20"]
[Round "2.8"]
[White "Marie, Florian"]
[Black "Dupouy, Francois"]
[Result "1-0"]
[WhiteElo "1660"]
[BlackElo "1820"]
[PlyCount "45"]

1. d4 Nf6 2. c4 c5 3. d5 b5 4. cxb5 a6 5. Nc3 axb5 6. e4 b4 7. Nb5 Nxe4 8. Qe2
Ba6 9. Qxe4 Bxb5 10. Bxb5 b3 11. a4 Na6 12. Bd2 Qb6 13. Nf3 g6 14. Bc3 f6 15.
O-O Bg7 16. d6 Qd8 17. dxe7 Qb8 18. Rad1 Kf7 19. Bxd7 Nc7 20. Rfe1 g5 21. Nxg5+
fxg5 22. Qf5+ Kg8 23. Be6+ 1-0

[Event "Championnat de France des Jeunes - Pupil"]
[Site "AIX LES BAINS"]
[Date "2009.04.20"]
[Round "2.9"]
[White "Guo, Louis"]
[Black "Aubert, Lucas"]
[Result "0-1"]
[WhiteElo "1810"]
[BlackElo "1623"]
[PlyCount "108"]

1. e4 e6 2. d4 d5 3. Nc3 Bb4 4. Bd3 dxe4 5. Bxe4 Nf6 6. Bg5 Nbd7 7. Nf3 h6 8.
Bxf6 Nxf6 9. Bd3 Nd5 10. Qd2 c5 11. a3 Qa5 12. O-O Bxc3 13. bxc3 Nxc3 14. Bb5+
Qxb5 15. Qxc3 O-O 16. Qxc5 Qxc5 17. dxc5 Rd8 18. Rfd1 Bd7 19. Kf1 Rac8 20. Rab1
Bb5+ 21. Ke1 Rxd1+ 22. Kxd1 Rxc5 23. Nd4 Ba6 24. Nb3 Re5 25. Nc1 Rh5 26. h3 Rg5
27. g4 h5 28. f4 Rd5+ 29. Ke1 hxg4 30. hxg4 Ra5 31. Rb3 Ra4 32. Rf3 b6 33. Ne2
Re4 34. Rf2 Rxe2+ 35. Rxe2 Bxe2 36. Kxe2 f6 37. Kd3 Kf7 38. Ke4 Ke7 39. a4 Kd6
40. Kd4 g6 41. c4 a6 42. g5 f5 43. Kd3 Kc5 44. Kc3 a5 45. Kd3 Kb4 46. Kd4 Kxa4
47. Ke5 Kb4 48. Kf6 a4 49. Kxg6 a3 50. Kf7 a2 51. g6 a1=Q 52. g7 Qxg7+ 53. Kxg7
Kxc4 54. Kf6 Kd5 0-1

[Event "Championnat de France des Jeunes - Pupil"]
[Site "AIX LES BAINS"]
[Date "2009.04.20"]
[Round "2.10"]
[White "Dumas, Charles"]
[Black "Ek, Alexandre"]
[Result "1/2-1/2"]
[WhiteElo "1650"]
[BlackElo "1800"]
[PlyCount "123"]

1. e4 c5 2. c3 Nf6 3. e5 Nd5 4. d4 cxd4 5. Nf3 Nc6 6. cxd4 d6 7. Bc4 Nb6 8. Bb5
dxe5 9. Nxe5 Bd7 10. Bxc6 Bxc6 11. Nxc6 bxc6 12. Nc3 e6 13. Bf4 Nd5 14. Nxd5
cxd5 15. O-O Be7 16. Qd2 O-O 17. Rac1 Bf6 18. Rc3 Qb6 19. Be5 Bxe5 20. dxe5
Rab8 21. b3 Rbc8 22. Rg3 f6 23. Qh6 Qc7 24. Qh3 Rce8 25. exf6 Rxf6 26. Rc3 Qd6
27. Rfc1 Qf4 28. f3 Qd4+ 29. Kh1 Qf4 30. Qg3 Qxg3 31. hxg3 e5 32. Rc7 Rf7 33.
Kg1 Kf8 34. Kf2 Rxc7 35. Rxc7 Re7 36. Rc8+ Kf7 37. Rc6 Rd7 38. Ke3 Ke7 39. Kd3
h5 40. Rg6 Kf7 41. Rc6 g6 42. Ke3 Re7 43. Rc5 Ke6 44. Rc6+ Kf5 45. Rc5 Rd7 46.
Kd3 g5 47. Ke3 Rd6 48. Ra5 a6 49. Rc5 g4 50. f4 Kf6 51. a3 Ke6 52. b4 Kf5 53.
a4 exf4+ 54. gxf4 h4 55. Rc8 d4+ 56. Kd3 Kxf4 57. b5 Kg3 58. Rc6 axb5 59. Rxd6
bxa4 60. Rxd4 h3 61. gxh3 gxh3 62. Rxa4 1/2-1/2

[Event "Championnat de France des Jeunes - Pupil"]
[Site "AIX LES BAINS"]
[Date "2009.04.20"]
[Round "2.11"]
[White "Niepceron, Luc"]
[Black "Stark, Gabriel"]
[Result "0-1"]
[WhiteElo "1640"]
[BlackElo "1780"]
[PlyCount "108"]

1. e4 e6 2. d4 d5 3. e5 c5 4. c3 Nc6 5. Nf3 Qb6 6. a3 Be7 7. b4 cxd4 8. cxd4 f6
9. exf6 Nxf6 10. Be3 O-O 11. Bd3 Bd7 12. O-O Rae8 13. Ne5 Kh8 14. Bc2 Qc7 15.
f4 Rc8 16. Ra2 Qb6 17. Qd3 Be8 18. f5 Bxb4 19. Nxc6 Bxc6 20. axb4 Bb5 21. Qa3
Bxf1 22. Kxf1 Ng4 23. h3 Nxe3+ 24. Qxe3 Qxb4 25. Qa3 Qxd4 26. Rb2 Qf4+ 27. Kg1
Rg8 28. Ra2 Qd4+ 29. Kh2 Rge8 30. Ba4 Rg8 31. Bd7 Ra8 32. Bxe6 Rge8 33. Qb2 Qc4
34. Na3 Qc6 35. Nc2 a5 36. Nd4 Qc4 37. Ra1 a4 38. Qb6 a3 39. Nf3 a2 40. Ng5
Qf4+ 41. g3 Qxg5 42. Kg2 Qd2+ 43. Qf2 Qc3 44. Rxa2 Rxa2 45. Qxa2 d4 46. Qa4 Rf8
47. Qd7 d3 48. Qe7 Qc6+ 49. Kf2 Ra8 50. Ke3 Qb5 51. Kd2 b6 52. Bd5 Ra2+ 53. Ke3
Re2+ 54. Kf3 Qxd5+ 0-1

[Event "Championnat de France des Jeunes - Pupil"]
[Site "AIX LES BAINS"]
[Date "2009.04.20"]
[Round "2.12"]
[White "Hyjazi, Theo"]
[Black "Humbert, Julien"]
[Result "1/2-1/2"]
[WhiteElo "1770"]
[BlackElo "1620"]
[PlyCount "66"]

1. d4 f5 2. g3 Nf6 3. Bg2 d6 4. c4 g6 5. Nc3 Bg7 6. Nf3 O-O 7. O-O Qe8 8. Nb5
Na6 9. Nc3 e5 10. dxe5 dxe5 11. Nd5 c6 12. Nxf6+ Bxf6 13. Bg5 e4 14. Bxf6 exf3
15. exf3 Rxf6 16. Qd4 Re6 17. Rad1 b6 18. Qd8 Qxd8 19. Rxd8+ Kf7 20. f4 Bb7 21.
Rd7+ Re7 22. Rxb7 Rxb7 23. Bxc6 Rab8 24. Bd5+ Kg7 25. Bxb7 Rxb7 26. Rd1 Nc5 27.
Kf1 Rd7 28. Rxd7+ Nxd7 29. Ke2 Kf6 30. b4 Ke6 31. Kd3 Kd6 32. Kd4 Kc6 33. a4 a6
1/2-1/2

[Event "Championnat de France des Jeunes - Pupil"]
[Site "AIX LES BAINS"]
[Date "2009.04.20"]
[Round "2.13"]
[White "Fort, Adelin"]
[Black "Lagrave, Lucas"]
[Result "1-0"]
[WhiteElo "1630"]
[BlackElo "1770"]
[Annotator "Rivier,Sylvain"]
[PlyCount "67"]

1. Nf3 d5 2. g3 Nf6 3. Bg2 c5 4. d3 e6 5. O-O Be7 6. Nbd2 O-O 7. c4 Nbd7 8. b3
Rb8 9. Bb2 b6 10. cxd5 Nxd5 11. Nc4 Bf6 12. Nfe5 Nxe5 13. Nxe5 Qc7 14. Nc4 Bxb2
15. Nxb2 Bb7 16. Qd2 Qe5 17. Nc4 Qf6 18. Rac1 Ne7 19. Bxb7 Rxb7 20. Nd6 Rd7 21.
Nc4 Rfd8 22. a3 Rd5 23. Ne3 Qh6 24. Rcd1 Rh5 25. Ng4 Qg6 26. f3 Rhd5 27. Qf4 e5
28. Qa4 f5 29. Nf2 Rd4 30. Qxa7 Kf7 31. Ne4 Qh6 32. Rf2 Qe6 33. g4 Qxb3 34.
Rdf1 {suite illisible} 1-0

[Event "Championnat de France des Jeunes - Pupil"]
[Site "AIX LES BAINS"]
[Date "2009.04.20"]
[Round "2.14"]
[White "Bandet, Raphael"]
[Black "Caen, Andy"]
[Result "1-0"]
[WhiteElo "1763"]
[BlackElo "1600"]
[PlyCount "119"]

1. e4 c6 2. d4 d5 3. e5 Bf5 4. Bd3 Bxd3 5. Qxd3 e6 6. Nd2 c5 7. c3 Nc6 8. Ne2
cxd4 9. cxd4 Bb4 10. Nc3 Qb6 11. Nb3 Nge7 12. a3 Bxc3+ 13. Qxc3 Rc8 14. Qd3 O-O
15. O-O Nf5 16. Be3 Nxe3 17. fxe3 Na5 18. Nc5 Rfd8 19. Rf2 Nc4 20. b3 Nxe5 21.
Qf1 f5 22. Rc1 Ng4 23. Re2 Qc7 24. g3 b6 25. Nd3 Qd6 26. b4 b5 27. Nc5 Nf6 28.
Nb7 Qb6 29. Nxd8 Qxd8 30. Rec2 Rc4 31. a4 a6 32. Rxc4 bxc4 33. Qe1 Qb6 34. Rb1
Ne4 35. b5 a5 36. Qc1 c3 37. Rb3 g5 38. Rxc3 Nxc3 39. Qxc3 Kf7 40. Qc8 f4 41.
Qd7+ Kf8 42. Kf2 h6 43. Qh7 e5 44. Qh8+ Kf7 45. Qxe5 fxe3+ 46. Kxe3 Qb7 47.
Qf5+ Kg7 48. Kf3 Qe7 49. Qe5+ Qxe5 50. dxe5 Kf7 51. b6 g4+ 52. Ke3 Ke6 53. b7
Kxe5 54. b8=Q+ Kf5 55. Qf8+ Kg5 56. Kd4 Kg6 57. Ke5 d4 58. Qg8+ Kh5 59. Kf5 d3
60. Qxg4# 1-0

[Event "Championnat de France des Jeunes - Pupil"]
[Site "AIX LES BAINS"]
[Date "2009.04.20"]
[Round "2.15"]
[White "Rodriguez, Adrien"]
[Black "Vekemans, Sylvain"]
[Result "0-1"]
[WhiteElo "1620"]
[BlackElo "1750"]
[PlyCount "51"]

1. d4 d5 2. c4 e6 3. Nc3 Nf6 4. Bg5 Bb4 5. e3 O-O 6. Nf3 Bxc3+ 7. bxc3 h6 8.
Bh4 c6 9. Bd3 Nbd7 10. O-O Qa5 11. Qc2 Ne4 12. Bxe4 dxe4 13. Nd2 f5 14. f3 exf3
15. Rxf3 Nb6 16. Raf1 Qa6 17. c5 Nd5 18. e4 Nc7 19. exf5 exf5 20. Ne4 Nd5 21.
Nd6 Bd7 22. c4 Nb4 23. Qb3 g5 24. Qxb4 gxh4 25. Ra3 Qxa3 26. Qxa3 0-1

[Event "Championnat de France des Jeunes - Pupillettes"]
[Site "AIX LES BAINS"]
[Date "2009.04.21"]
[Round "2.1"]
[White "Bellaiche, Elise"]
[Black "Wojnowska, Natalia"]
[Result "1-0"]
[WhiteElo "1826"]
[BlackElo "1460"]
[Annotator ""]

1. e4 c5 2. c3 e6 3. d4 cxd4 4. cxd4 Nf6 5. Nc3 Bb4 6. Bd3 O-O 7. Nf3 Nc6 8.
O-O Qc7 9. e5 Nd5 10. Nxd5 exd5 11. Bxh7+ Kh8 12. Bd3 f6 13. exf6 Rxf6 14. Ng5
Nd8 15. Qh5+ Kg8 16. Qh7+ Kf8 17. Qh8+ Ke7 18. Qxg7+ Nf7 19. Nxf7 Rxf7 20. Bg5+
Ke6 21. Qg6+ Rf6 22. Qxf6# 1-0

[Event "Championnat de France des Jeunes - Pupil"]
[Site "AIX LES BAINS"]
[Date "2009.04.20"]
[Round "2.2"]
[White "Susini, Noelia"]
[Black "Auvray, Honorine"]
[Result "0-1"]
[WhiteElo "1450"]
[BlackElo "1708"]
[PlyCount "82"]

1. e4 c5 2. Nc3 e6 3. Nf3 Nc6 4. Bb5 d5 5. Ne5 Qc7 6. Qh5 Nf6 7. Qg5 h6 8. Qg3
Nh5 9. Qh4 Qxe5 10. d4 cxd4 11. f4 Qf6 12. Qxh5 dxc3 13. e5 Qf5 14. Qe2 cxb2
15. Bxb2 Qxf4 16. Bc1 Bb4+ 17. Bd2 Bxd2+ 18. Qxd2 Qxd2+ 19. Kxd2 Bd7 20. Rhe1
Rc8 21. Rac1 Ke7 22. c4 dxc4 23. Bxc4 Rhd8 24. Bd3 Nb4 25. Rxc8 Bxc8 26. Re3
Nxa2 27. Ke2 Nc1+ 28. Kd2 Nxd3 29. Rxd3 Rxd3+ 30. Kxd3 b5 31. Kc3 a5 32. Kb3
Bb7 33. g3 Bd5+ 34. Kb2 b4 35. Kb1 a4 36. h4 a3 37. Ka1 b3 38. Kb1 Be4+ 39. Ka1
b2+ 40. Ka2 b1=Q+ 41. Kxa3 Bc2 0-1

[Event "Championnat de France des Jeunes - Pupil"]
[Site "AIX LES BAINS"]
[Date "2009.04.20"]
[Round "2.3"]
[White "Thomas, Apolline"]
[Black "Abidi, Hasma"]
[Result "1-0"]
[WhiteElo "1440"]
[BlackElo "1660"]
[PlyCount "129"]

1. e4 e6 2. d4 d5 3. exd5 exd5 4. Nf3 Nf6 5. Bg5 Be7 6. Nc3 Nbd7 7. Bd3 b6 8.
O-O O-O 9. Re1 h6 10. Bh4 Bb7 11. Qe2 Re8 12. Qf1 c5 13. Ba6 Bxa6 14. Qxa6 Qc8
15. Qd3 cxd4 16. Qxd4 Qc5 17. Qd2 Rad8 18. Rad1 Nf8 19. Bxf6 Bxf6 20. Rxe8 Rxe8
21. Qxd5 Qxd5 22. Rxd5 Rc8 23. Rd3 Ne6 24. g3 Nc5 25. Re3 Rd8 26. Kf1 g5 27. h3
h5 28. Ke2 Ne6 29. Rd3 Nd4+ 30. Nxd4 Rxd4 31. Nd5 Bg7 32. Rxd4 Bxd4 33. c3 Be5
34. Kd3 b5 35. Ne7+ Kf8 36. Nc6 Bd6 37. Nxa7 b4 38. cxb4 Bxb4 39. Nc6 Bc5 40.
Nd4 Ke7 41. Kc4 Bb6 42. b4 Kd6 43. a4 Ke5 44. Nf3+ Kf5 45. a5 Bxf2 46. b5 g4
47. hxg4+ hxg4 48. Nh4+ Ke4 49. b6 Bxg3 50. a6 Bxh4 51. a7 g3 52. a8=Q+ Ke3 53.
Qh1 Ke2 54. Qxh4 g2 55. Qh2 Kf1 56. b7 g1=Q 57. Qxg1+ Kxg1 58. b8=Q f5 59. Qf4
Kg2 60. Qxf5 Kg3 61. Kd3 Kh4 62. Qg6 Kh3 63. Ke3 Kh2 64. Kf2 Kh1 65. Qg2# 1-0

[Event "Championnat de France des Jeunes - Pupil"]
[Site "AIX LES BAINS"]
[Date "2009.04.20"]
[Round "2.4"]
[White "Dieuleveut, Floriane"]
[Black "Mirete, Rita"]
[Result "1-0"]
[WhiteElo "1651"]
[BlackElo "1420"]
[PlyCount "113"]

1. e4 e5 2. Nf3 Nc6 3. Bc4 Nf6 4. d3 Bc5 5. O-O d6 6. c3 Bg4 7. h3 Bh5 8. Be3
Bb6 9. Nbd2 d5 10. Bb5 Qd6 11. Bxb6 axb6 12. Bxc6+ bxc6 13. Qe2 O-O 14. exd5
cxd5 15. Qxe5 Qxe5 16. Nxe5 Rfe8 17. Rfe1 Re6 18. f4 Rae8 19. g4 Bg6 20. d4 Be4
21. g5 Nh5 22. Nxe4 dxe4 23. f5 R6e7 24. Nc6 Rd7 25. Re3 f6 26. h4 Nf4 27. gxf6
gxf6 28. Rg3+ Kf7 29. Re1 Nd3 30. Re2 Nf4 31. Ree3 Nd5 32. Re1 Nf4 33. Nb4 c5
34. Nc2 Rde7 35. Ree3 Kf8 36. Rg4 Nd3 37. Reg3 Rg7 38. Rxg7 Nf4 39. Rg8+ Ke7
40. R3g7+ Kd8 41. Kf1 Rxg8 42. Rxg8+ Kd7 43. Rg7+ Kd6 44. dxc5+ Kxc5 45. Rc7+
Kd6 46. Rxh7 Ke5 47. Ne3 Kd6 48. h5 Nxh5 49. Rxh5 Ke5 50. a4 Kd6 51. Rh6 Kc5
52. Rxf6 b5 53. axb5 Kxb5 54. b4 Ka4 55. Rb6 Kb3 56. f6 Kxc3 57. f7 1-0

[Event "Championnat de France des Jeunes - Pupil"]
[Site "AIX LES BAINS"]
[Date "2009.04.20"]
[Round "2.5"]
[White "Quelennec, Amelie"]
[Black "Baldi, Valentine"]
[Result "1/2-1/2"]
[WhiteElo "1410"]
[BlackElo "1642"]
[PlyCount "134"]

1. f4 c6 2. b3 d5 3. Bb2 Bf5 4. Nf3 e6 5. g3 h6 6. Bg2 Nf6 7. O-O Be7 8. d3 O-O
9. Nbd2 Qb6+ 10. Kh1 Ng4 11. Bd4 Bc5 12. h3 Bxd4 13. hxg4 Bxa1 14. gxf5 Bc3 15.
fxe6 fxe6 16. Bh3 c5 17. e3 Nd7 18. d4 Rae8 19. Re1 Nf6 20. Re2 Nh5 21. Kg2 Nf6
22. g4 h5 23. g5 Ng4 24. Bxg4 hxg4 25. Ne5 Qb4 26. g6 Rf5 27. Nd7 Rh5 28. Kg3
cxd4 29. exd4 Qxd4 30. Kxg4 Rf5 31. Qf1 Bxd2 32. Rf2 e5 33. Kxf5 Qe4+ 34. Kg5
Bxf4+ 35. Rxf4 Qxf4+ 36. Qxf4 exf4 37. Kxf4 Re2 38. Nc5 Rxc2 39. Nxb7 Rxa2 40.
Ke5 Rd2 41. b4 d4 42. Ke4 Rd1 43. b5 d3 44. Nd6 d2 45. Ke3 Rg1 46. Kxd2 Rxg6
47. Nc8 Rg2+ 48. Ke3 Ra2 49. b6 axb6 50. Nxb6 Kf7 51. Kf4 g6 52. Nd5 Ra4+ 53.
Kg3 Ke6 54. Nf4+ Rxf4 55. Kxf4 Kf6 56. Kg4 g5 57. Kg3 Kf5 58. Kf3 g4+ 59. Kg2
Ke4 60. Kg3 Kf5 61. Kg2 Kf4 62. Kf2 g3+ 63. Kg1 Kg4 64. Kg2 Kh4 65. Kg1 Kh3 66.
Kh1 g2+ 67. Kg1 Kg3 1/2-1/2

[Event "Championnat de France des Jeunes - Pupil"]
[Site "AIX LES BAINS"]
[Date "2009.04.20"]
[Round "2.6"]
[White "Legrand, Claire"]
[Black "Sauve, Anne-Charlotte"]
[Result "1-0"]
[WhiteElo "1607"]
[BlackElo "1410"]
[PlyCount "73"]

1. e4 e5 2. Nc3 Nf6 3. Bc4 Nxe4 4. Nxe4 d5 5. Bd3 dxe4 6. Bxe4 Bc5 7. Qe2 O-O
8. c3 Nc6 9. Nf3 Bg4 10. h3 Bh5 11. d3 f5 12. Bxc6 bxc6 13. Bg5 Bxf3 14. Qxf3
Qxg5 15. Qxc6 Bd6 16. O-O Rad8 17. Qb7 Rf6 18. Qxa7 Rh6 19. Qe3 Qh5 20. a4 e4
21. dxe4 Re8 22. Rfe1 Qg5 23. a5 Rxe4 24. Qf3 Rhh4 25. a6 Qe7 26. Rxe4 Rxe4 27.
Qd1 Qe5 28. g3 Bc5 29. Qd8+ Kf7 30. Qd7+ Kg6 31. Qc6+ Kg5 32. h4+ Kg4 33. Kg2
f4 34. f3+ Kh5 35. g4+ Kxh4 36. Rh1+ Kg5 37. Rh5# 1-0

[Event "Championnat de France des Jeunes - Pupil"]
[Site "AIX LES BAINS"]
[Date "2009.04.20"]
[Round "2.7"]
[White "Fesselier, Melissa"]
[Black "Desarnaud, Manon"]
[Result "1-0"]
[WhiteElo "1390"]
[BlackElo "1600"]
[PlyCount "67"]

1. d4 d5 2. c4 c6 3. Nc3 Nf6 4. Nf3 dxc4 5. e4 e6 6. Bg5 Be7 7. Bxc4 b5 8. Bb3
O-O 9. O-O Bb7 10. Bxf6 Bxf6 11. Re1 Re8 12. Bc2 Nd7 13. Qd3 Bg5 14. e5 g6 15.
Ne4 Be7 16. Qe3 Kg7 17. Nfg5 Bxg5 18. Nxg5 c5 19. Qf4 cxd4 20. Qxf7+ Kh6 21.
Qf4 Qxg5 22. Qg3 Qxg3 23. hxg3 Nc5 24. Bd1 Nd3 25. Rf1 Nxe5 26. Rc1 Nc6 27. Rc5
a6 28. f4 Rad8 29. Bf3 Rd6 30. Rfc1 Nd8 31. Bxb7 Nxb7 32. Rc7 Na5 33. Kf2 d3
34. Rh1# 1-0

[Event "Championnat de France des Jeunes - Pupil"]
[Site "AIX LES BAINS"]
[Date "2009.04.20"]
[Round "2.8"]
[White "Jacob, Eva"]
[Black "Canterel, Cecile"]
[Result "0-1"]
[WhiteElo "1380"]
[BlackElo "1560"]
[PlyCount "88"]

1. e4 c5 2. d4 cxd4 3. c3 dxc3 4. Nxc3 Nc6 5. Bc4 e6 6. Nf3 Nf6 7. e5 Ng4 8.
Bf4 a6 9. h3 b5 10. Bb3 Nh6 11. a3 Nf5 12. O-O h6 13. Re1 Bb7 14. Rc1 g5 15.
Bg3 Nxg3 16. fxg3 Qc7 17. Qe2 Bg7 18. Qe3 O-O 19. Rcd1 Ne7 20. g4 Ng6 21. Rc1
Bxf3 22. gxf3 Qxe5 23. Qxe5 Nxe5 24. Rf1 Rac8 25. Kg2 Rfd8 26. Kg3 d5 27. Rfd1
Kf8 28. Ba2 Ke7 29. Rd2 Nc4 30. Bxc4 bxc4 31. Rcd1 Be5+ 32. Kf2 Bf4 33. Re2 d4
34. Ne4 d3 35. Ree1 Rb8 36. Kf1 Rxb2 37. a4 Rc2 38. Nc5 d2 39. Re2 Rc1 40. Rxc1
dxc1=Q+ 41. Kf2 Rd2 42. Nxa6 Rxe2+ 43. Kxe2 Qe3+ 44. Kd1 Qd2# 0-1

[Event "Championnat de France des Jeunes - Pupil"]
[Site "AIX LES BAINS"]
[Date "2009.04.20"]
[Round "2.9"]
[White "Nourani, Maral"]
[Black "Remy, Camille"]
[Result "1/2-1/2"]
[WhiteElo "1550"]
[BlackElo "1320"]
[PlyCount "111"]

1. e4 e5 2. Nf3 Nc6 3. Bc4 Bc5 4. c3 Nf6 5. d4 exd4 6. e5 d5 7. Bb5 Ne4 8. Nxd4
Bd7 9. Bxc6 Bxc6 10. O-O Qe7 11. f3 Ng5 12. Bxg5 Qxg5 13. Qd2 Qh5 14. Qf4 O-O
15. Kh1 Bxd4 16. cxd4 Rfe8 17. Nc3 Rad8 18. Rae1 g5 19. Qg4 Qxg4 20. fxg4 b6
21. Rf5 h6 22. Rf6 Re6 23. Ref1 a6 24. Rxf7 Bb5 25. R1f3 c5 26. Nxb5 axb5 27.
dxc5 bxc5 28. R7f5 d4 29. Rd3 c4 30. Rd2 b4 31. Rf3 Rxe5 32. h3 d3 33. Kh2 Re1
34. Kg3 c3 35. bxc3 bxc3 36. Rdxd3 Rxd3 37. Rxd3 c2 38. Rc3 Re3+ 39. Rxe3 c1=Q
40. Rf3 Qe1+ 41. Kh2 Kg7 42. a3 Qa5 43. Kh1 Kg6 44. Kh2 h5 45. gxh5+ Kxh5 46.
Kh1 g4 47. hxg4+ Kxg4 48. Kh2 Qc5 49. Kh1 Kh4 50. Kh2 Qc1 51. Rh3+ Kg4 52. Rg3+
Kf4 53. Rf3+ Ke4 54. Kg3 Qg5+ 55. Kh2 Qg4 56. Kg1 1/2-1/2

[Event "Championnat de France des Jeunes - Pupil"]
[Site "AIX LES BAINS"]
[Date "2009.04.20"]
[Round "2.10"]
[White "Vaudo, Stella-Maria"]
[Black "Banat, Rizlene"]
[Result "0-1"]
[WhiteElo "1320"]
[BlackElo "1542"]
[PlyCount "134"]

1. e4 c5 2. Nc3 e6 3. Nf3 a6 4. Bc4 b5 5. Be2 Qc7 6. b3 Nc6 7. Bb2 Nf6 8. O-O
Be7 9. d4 cxd4 10. Nxd4 Bb7 11. Bf3 Ne5 12. a4 Nxf3+ 13. Nxf3 b4 14. Na2 Bxe4
15. Re1 Bxc2 16. Qc1 Rc8 17. Nd4 O-O 18. Nxc2 Qxc2 19. Qxc2 Rxc2 20. Bxf6 Bxf6
21. Nxb4 Bxa1 22. Nxc2 Bc3 23. Rd1 d5 24. Rd3 Rc8 25. h3 Be5 26. Rd2 Bf4 27.
Re2 Rc3 28. b4 Rc4 29. g3 Bd6 30. b5 Rxa4 31. b6 Ra2 32. Nd4 Ra1+ 33. Kg2 Rb1
34. Rc2 Rxb6 35. Rc8+ Bf8 36. Nc6 Rb7 37. Kg1 g6 38. Nb8 Kg7 39. Nxa6 Bd6 40.
Rc6 Rd7 41. Nc5 Bxc5 42. Rxc5 d4 43. Kf1 Kf6 44. Ke2 e5 45. f3 h5 46. h4 Rd6
47. Kd3 Ke7 48. Rxe5+ Kf8 49. Re4 Rf6 50. f4 Rd6 51. Rxd4 Rxd4+ 52. Kxd4 Ke7
53. Ke5 f6+ 54. Ke4 Ke6 55. Kf3 Kf5 56. Kg2 Kg4 57. Kf2 Kh3 58. Kf3 f5 59. Kf2
Kh2 60. Kf3 Kg1 61. g4 hxg4+ 62. Kg3 Kf1 63. Kh2 Kf2 64. Kh1 g3 65. h5 g2+ 66.
Kh2 g1=Q+ 67. Kh3 Qg3# 0-1

[Event "Championnat de France des Jeunes - Pupil"]
[Site "AIX LES BAINS"]
[Date "2009.04.20"]
[Round "2.11"]
[White "Duffaud, Celia"]
[Black "Del Valle, Julie"]
[Result "1-0"]
[WhiteElo "1310"]
[BlackElo "1530"]
[PlyCount "103"]
[EventDate "2009.??.??"]

1. c4 e5 2. Nc3 Nf6 3. g3 Nc6 4. Bg2 Bc5 5. e3 d6 6. Nge2 Bg4 7. O-O Qd7 8. d4
exd4 9. exd4 Nxd4 10. Bxb7 Rb8 11. Bg2 Bf3 12. Re1 O-O 13. Be3 Bxg2 14. Kxg2
Qc6+ 15. Kf1 Qh1+ 16. Ng1 Ng4 17. Qxg4 Nc2 18. Bh6 g6 19. Bxf8 Nxe1 20. Rxe1
Kxf8 21. Qh3 Kg7 22. Qg2 Qxg2+ 23. Kxg2 Rxb2 24. Re2 Rb4 25. Re4 Rb2 26. Rf4
Rc2 27. Nge2 c6 28. Rf3 d5 29. cxd5 cxd5 30. Nf4 d4 31. Na4 Bd6 32. Rd3 Rc4 33.
Nb2 Rb4 34. Rb3 a5 35. Rxb4 axb4 36. Nc4 Be7 37. Ne5 Bd6 38. Nfd3 Bxe5 39. Nxe5
f6 40. Nd3 Kf7 41. Kf3 f5 42. Nxb4 Ke6 43. Ke2 Ke5 44. Kd3 g5 45. a4 f4 46. a5
Kd6 47. a6 Kc7 48. Kxd4 Kb6 49. gxf4 gxf4 50. Ke4 Kb5 51. a7 Kxb4 52. a8=Q 1-0

[Event "Championnat de France des Jeunes - Pupil"]
[Site "AIX LES BAINS"]
[Date "2009.04.20"]
[Round "2.12"]
[White "Maton, Amandine"]
[Black "Scabello, Julie"]
[Result "1-0"]
[WhiteElo "1290"]
[BlackElo "1520"]
[PlyCount "117"]

1. c4 e5 2. Nc3 Nf6 3. d3 Bc5 4. g3 c6 5. Bg2 Bb4 6. Bd2 O-O 7. a3 Bxc3 8. Bxc3
Re8 9. Qc2 d5 10. cxd5 cxd5 11. Rd1 Bf5 12. e4 Bg4 13. Nf3 d4 14. Bd2 Nc6 15.
O-O Nh5 16. h3 Bxf3 17. Bxf3 Nf6 18. Rc1 Qd7 19. g4 Ne7 20. Bg5 Qe6 21. Qc7 b6
22. Bh4 a6 23. Qb7 a5 24. Rc7 Reb8 25. Rxe7 Rxb7 26. Rxe6 fxe6 27. Rc1 Rbb8 28.
Rc6 Kf7 29. g5 Ne8 30. Bg4 g6 31. Rxe6 b5 32. Rxe5 b4 33. Be6+ Kf8 34. f4 bxa3
35. bxa3 Rb1+ 36. Kg2 Ra1 37. Bf2 Rd8 38. f5 Rxa3 39. f6 Nc7 40. Be1 Nxe6 41.
Rxe6 a4 42. Bb4+ Kf7 43. Re7+ Kg8 44. Bxa3 Rc8 45. f7+ Kg7 46. f8=Q+ Kxf8 47.
Rc7+ Ke8 48. Rxc8+ Kd7 49. Ra8 Kc6 50. Rxa4 Kb5 51. Rxd4 Ka5 52. e5 h5 53. gxh6
g5 54. h7 g4 55. Rxg4 Kb5 56. h8=Q Kc6 57. Qf6+ Kb5 58. Rb4+ Ka5 59. Qb6# 1-0

[Event "Championnat de France des Jeunes - Pupil"]
[Site "AIX LES BAINS"]
[Date "2009.04.20"]
[Round "2.13"]
[White "Dol, Cecile"]
[Black "Potier, Marie"]
[Result "1-0"]
[WhiteElo "1510"]
[BlackElo "1250"]
[PlyCount "77"]

1. e4 e5 2. d4 Nc6 3. d5 Nb4 4. a3 Na6 5. Nf3 d6 6. Nc3 Nf6 7. Bg5 g6 8. Be2
Bg7 9. O-O O-O 10. Qd2 c5 11. dxc6 bxc6 12. Rfd1 Nc5 13. Qxd6 Qxd6 14. Rxd6
Ncxe4 15. Rxc6 Bg4 16. Bxf6 Bxf6 17. Nxe4 Bg7 18. h3 Bf5 19. Nd6 Be6 20. Bc4
Bd7 21. Rc7 Ba4 22. b3 Be8 23. Nxe8 Rfxe8 24. Bxf7+ Kf8 25. Bxe8 Kxe8 26. Re1
Kf8 27. Nxe5 Bh6 28. Nd7+ Kg7 29. Nb6+ Kf6 30. Nxa8 Bd2 31. Rc6+ Kg7 32. Re7+
Kh6 33. Nc7 Bg5 34. Rd7 a5 35. Ne6 Bc1 36. Rcc7 Kh5 37. Rxh7+ Bh6 38. g4+ Kh4
39. Rxh6# 1-0

[Event "Championnat de France des Jeunes - Pupil"]
[Site "AIX LES BAINS"]
[Date "2009.04.20"]
[Round "2.14"]
[White "Dusserre, Salome"]
[Black "Malassagne, Isabelle"]
[Result "1/2-1/2"]
[WhiteElo "1280"]
[BlackElo "1500"]
[PlyCount "125"]

1. e4 c5 2. Nf3 Nc6 3. d4 cxd4 4. Nxd4 g6 5. Nc3 Bg7 6. Be3 Nf6 7. Bb5 a6 8.
Bd3 d6 9. Qd2 Ng4 10. h3 Nxe3 11. fxe3 Nxd4 12. exd4 Bxd4 13. Bb5+ axb5 14.
Qxd4 O-O 15. Nxb5 Qa5+ 16. Nc3 Qg5 17. O-O Bxh3 18. Rf2 f5 19. exf5 Rxf5 20.
Raf1 Rxf2 21. Rxf2 Qc1+ 22. Nd1 Qg5 23. Qb6 Rf8 24. Qb3+ Kg7 25. Qxh3 Rxf2 26.
Nxf2 Qc1+ 27. Kh2 Qf4+ 28. Qg3 Qh6+ 29. Nh3 Qd2 30. Qb3 b6 31. c3 Qe3 32. a4
Qe5+ 33. Kg1 Qe1+ 34. Kh2 Qe5+ 35. g3 Qe2+ 36. Kh1 Qe4+ 37. Kg1 Qe1+ 38. Kg2
Qe4+ 39. Kf1 Qh1+ 40. Ng1 Qc6 41. Qb4 Qc7 42. Qd4+ e5 43. Qd5 Qf7+ 44. Qxf7+
Kxf7 45. Ke2 Ke6 46. Kd3 Kd5 47. c4+ Kc5 48. Kc3 h5 49. Nf3 e4 50. Ng1 d5 51.
cxd5 Kxd5 52. b3 g5 53. Kd2 Kd4 54. Kc2 h4 55. gxh4 gxh4 56. Kd2 e3+ 57. Kc2 h3
58. Nxh3 e2 59. Kd2 e1=Q+ 60. Kxe1 Kc3 61. Nf4 Kxb3 62. Nd5 Kxa4 63. Nxb6+
1/2-1/2

[Event "Championnat de France des Jeunes - Pupil"]
[Site "AIX LES BAINS"]
[Date "2009.04.20"]
[Round "2.15"]
[White "Saliou, Sarah"]
[Black "Le Guennec, Nolwen"]
[Result "0-1"]
[WhiteElo "1260"]
[BlackElo "1480"]
[PlyCount "88"]

1. e4 c5 2. Nc3 Nc6 3. Bb5 g6 4. Bxc6 bxc6 5. f4 d5 6. Nf3 Bg7 7. O-O Bg4 8. f5
Bxf3 9. Qxf3 Nf6 10. fxg6 dxe4 11. gxf7+ Kf8 12. Nxe4 Qd4+ 13. Nf2 Kxf7 14.
Qxc6 Rhc8 15. Qf3 Kg8 16. Kh1 Qc4 17. Qb3 Qxb3 18. axb3 Rf8 19. d3 Ng4 20. Kg1
Bd4 21. Bg5 Nxf2 22. Bxe7 Rf7 23. c3 Be3 24. Bg5 Bxg5 25. Rxf2 Be3 26. h3 Rxf2
27. Ra2 Rxb2+ 28. Kh2 Rxa2 29. h4 Ra3 30. b4 Rxc3 31. bxc5 Rxc5 32. g3 Rh5 33.
Kh3 Bf2 34. Kg4 Ra5 35. Kh3 Ra4 36. Kg2 Ra3 37. Kxf2 Rxd3 38. Kg2 Rc8 39. Kh3
Rc4 40. Kg2 Rcc3 41. Kh3 Rxg3+ 42. Kh2 Rgd3 43. Kg2 Rc2+ 44. Kf1 Rd1# 0-1

[Event "Championnat de France des Jeunes - Open "]
[Site "AIX LES BAINS"]
[Date "????.??.??"]
[Round "2.1"]
[White "Bain-Thouverez, Aurelien"]
[Black "Hammann, Benjamin"]
[Result "1/2-1/2"]
[WhiteElo "1607"]
[BlackElo "1959"]
[PlyCount "40"]

1. e4 c5 2. f4 d6 3. Nf3 Nc6 4. Be2 e6 5. O-O Bd7 6. d3 Qb6 7. Na3 d5 8. e5 Nh6
9. c3 Nf5 10. Qb3 Qxb3 11. axb3 Na5 12. Bd1 d4 13. Nc4 Nxc4 14. bxc4 dxc3 15.
bxc3 f6 16. Ba4 Bxa4 17. Rxa4 a6 18. d4 Rd8 19. Rd1 Ne7 20. Ra2 f5 1/2-1/2